| 000 | 00930nam a22003617a 4500 | ||
|---|---|---|---|
| 001 | BR9901256 | ||
| 003 | BR-BrBNA | ||
| 005 | 20230928100111.0 | ||
| 007 | ta | ||
| 008 | 230509b bl.||||| |||| 00| 0 por d | ||
| 040 |
_aBR-BrBNA _bpor _cBiblioteca Nacional de Agricultura |
||
| 041 | _a(Por) | ||
| 072 |
_aJ10 _b0120 _b1410 _b0336 _b0150 _b0180 |
||
| 090 | _ 0120 BR9901256 | ||
| 100 | 1 | _aBiassio, G.R.I. de | |
| 100 | 1 | _aOliveira, L.A.M. de | |
| 100 | 1 | _aSchiochet, M. | |
| 100 | 1 | _aWestphal, R. | |
| 245 | 1 | _aGraos; classes, grupos, principais defeitos | |
| 260 | 3 |
_aCastro, PR (Brasil): _c1995. |
|
| 300 | _a20 p. | ||
| 650 | _aMilho | ||
| 650 | _aFeijao | ||
| 650 | _aSoja | ||
| 650 | _aArroz | ||
| 650 | _aTrigo | ||
| 650 | _aArmazenamento de Alimento | ||
| 650 | _aDeterioracao | ||
| 650 | _aEstocagem | ||
| 650 | _aClassificacao de Produto | ||
| 909 |
_a202309 _bLucia _c55 _dLucia Elande |
||
| 942 | _cBK | ||
| 999 |
_c60328 _d60328 |
||